000 00708nam a22002175i 4500
001 169226
003 ES-MaACL
005 20250911062843.0
008 080822s2008 sp |||| | spa d
020 _a978-84-7522-689-7
080 _a821.111(73)-14"19"
100 1 _aBukowski, Charles.
_932490
245 1 0 _aGuerra sin cesar
_b: poemas 1981-1984 /
_cCharles Bukowski ; prólogo y traducción: Eduardo Iriarte.
260 _aMadrid :
_bVisor,
_c[2008]
300 _a346 p. ;
_c20 cm.
490 1 _aColección Visor de poesía ;
_v270
700 1 _aIriarte, Eduardo.
_965436
830 0 _aColección Visor de poesía
_v270
_9177331
852 _aES-MaACL
_jL-29694
_9R.143492
999 _c169226
_d169226